000 00331 a2200145 4500
001 154185
040 _cEscola São Tomás de Aquino
100 _aSUASSUNA,Ariano
240 1 0 _aAuto da compadecida
_lpor
245 1 0 _aAuto da compadecida
362 0 _a2005
440 1 _aAgir
697 _aLITERATURA BRASILEIRA
942 _cBK
999 _c154185
_d154185